Players of National Teams - Wales - Statistics

General Stats
  • This quiz has been taken 3 times
  • The average score is 14 of 25
Answer Stats
Pos. Teams Player % Correct
DM Leeds United Ethan Ampadu
100%
CB Leeds United Joe Rodon
100%
GK Everton FC Tom King
100%
RW Crystal Palace Brennan Johnson
67%
RW Leeds United Daniel James
67%
RW AFC Bournemouth David Brooks
67%
RW Fulham FC Harry Wilson
67%
LB Coventry City Jay Dasilva
67%
AM Cardiff City Joel Colwill
67%
CM Leicester City Jordan James
67%
GK Leeds United Karl Darlow
67%
LW Wrexham AFC Nathan Broadhead
67%
LB Nottingham Forest Neco Williams
67%
LB Queens Park Rangers Rhys Norrington-Davies
67%
RB Cardiff City Ronan Kpakio
67%
AM Cardiff City Rubin Colwill
67%
LW Stoke City Sorba Thomas
67%
CB West Bromwich Albion Chris Mepham
33%
CB Cardiff City Dylan Lawlor
33%
CM Bolton Wanderers Josh Sheehan
33%
LW Hull City Lewis Koumas
33%
FW Oxford United Mark Harris
33%
GK Sheffield United Adam Davies
0%
LW Cardiff City Isaak Davies
0%
AM Swansea City Liam Cullen
0%
No matching quizzes found
Score Distribution
Percent of People with Each Score
Percentile by Number Answered
Your Score History
You have not taken this quiz